• 首页
  • 本馆介绍
  • 公告通知
  • 最新文献
  • 馆藏检索
  • 电子资源
  • 读者导购
  • 参考咨询
  • 我的图书馆
  • 登录
  • 详细信息显示
  • 放入我的书架
  • 预约/预借图书
  • 作者相关作品
  • 分类相关作品
  • 丛书相关作品
  • 出版社相关作品

书目信息

  • 表格格式
  • 工作单格式
  • 卡片格式
题名:
城郊农村如何发展食用菌业
    
 
作者: 陈青君 编著
分册:  
出版信息: 北京   金盾出版社  2012
页数: 106页, 4页图版
开本: 19cm
丛书名: 城郊新农村建设丛书
单 册:
中图分类: F326.13 , F326
科图分类:
主题词: 食用菌类--蔬菜业--经济发展--研究--中国
电子资源:
ISBN: 978-7-5082-3943-9
000 01045nam 2200265 450
001 2372777738
005 20231212201325.28
010    @a978-7-5082-3943-9@dCNY9.00
100    @a20110222d2012 em y0chiy50 ea
101 0  @achi
102    @aCN@b110000
105    @aaf a 000yy
200 1  @a城郊农村如何发展食用菌业@Acheng jiao nong cun ru he fa zhan shi yong jun ye@f陈青君编著
210    @a北京@c金盾出版社@d2012
215    @a106页, 4页图版@c图 (部分彩图)@d19cm
225 2  @a城郊新农村建设丛书@Acheng jiao xin nong cun jian she cong shu
320    @a有书目 (第105-106页)
330    @a本书为“城郊新农村建设丛书”的一个分册。内容包括: 城郊食用菌产业现状和发展趋势, 城郊食用菌产业利润的主要途径, 城郊食用菌产业的主要类型和模式, 城郊食用菌标准化生产技术, 城郊食用菌产业的经营管理及政府支持。
410  0 @12001 @a城郊新农村建设丛书
606 0  @a食用菌类@x蔬菜业@x经济发展@x研究@y中国
690    @aF326.13@v5
690    @aF326@v4
701  0 @a陈青君@Achen qing jun@4编著
801  0 @aCN@b湖北三新@c20110224
905    @aBZT@dF326@e196
    
    城郊农村如何发展食用菌业/陈青君编著.-北京:金盾出版社,2012
    106页, 4页图版:图 (部分彩图);19cm.-(城郊新农村建设丛书)
    
    
    ISBN 978-7-5082-3943-9:CNY9.00
    本书为“城郊新农村建设丛书”的一个分册。内容包括: 城郊食用菌产业现状和发展趋势, 城郊食用菌产业利润的主要途径, 城郊食用菌产业的主要类型和模式, 城郊食用菌标准化生产技术, 城郊食用菌产业的经营管理及政府支持。
●
相关链接 在五车中查询图书 在当当中查询图书 在豆瓣中查询图书


正题名:城郊农村如何发展食用菌业     索取号:F326/196         预约/预借

序号 登录号 条形码 馆藏地/架位号 状态 备注
1 2001446049   2001446049   516书库/ [索取号:F326/196] 在馆    
2 2001446050   2001446050   516书库/ [索取号:F326/196] 在馆    
3 2001446051   2001446051   516书库/ [索取号:F326/196] 在馆    
4 2001446052   2001446052   516书库/ [索取号:F326/196] 在馆    
5 2001446053   2001446053   516书库/ [索取号:F326/196] 在馆    
6 2001446054   2001446054   516书库/ [索取号:F326/196] 在馆    
7 2001446055   2001446055   516书库/ [索取号:F326/196] 在馆    
8 2001446056   2001446056   516书库/ [索取号:F326/196] 在馆    
9 2001446057   2001446057   516书库/ [索取号:F326/196] 在馆    
10 2001446058   2001446058   516书库/ [索取号:F326/196] 在馆    
11 2001446059   2001446059   516书库/ [索取号:F326/196] 在馆    
12 2001446060   2001446060   516书库/ [索取号:F326/196] 在馆    
13 2001446061   2001446061   516书库/ [索取号:F326/196] 在馆    
14 2001446062   2001446062   516书库/ [索取号:F326/196] 在馆    
15 2001446063   2001446063   516书库/ [索取号:F326/196] 在馆    
16 2001446064   2001446064   516书库/ [索取号:F326/196] 在馆    
17 2001446065   2001446065   516书库/ [索取号:F326/196] 在馆    
18 2001446066   2001446066   516书库/ [索取号:F326/196] 在馆    
19 2001446067   2001446067   516书库/ [索取号:F326/196] 在馆    
20 2001446068   2001446068   516书库/ [索取号:F326/196] 在馆    
21 2001446069   2001446069   516书库/ [索取号:F326/196] 在馆    
22 2001446070   2001446070   516书库/ [索取号:F326/196] 在馆    
23 2001446071   2001446071   516书库/ [索取号:F326/196] 在馆    
24 2001446072   2001446072   516书库/ [索取号:F326/196] 在馆    
25 2001446073   2001446073   516书库/ [索取号:F326/196] 在馆    
26 2001446074   2001446074   516书库/ [索取号:F326/196] 在馆    
27 2001446075   2001446075   516书库/ [索取号:F326/196] 在馆    
28 2001446076   2001446076   516书库/ [索取号:F326/196] 在馆    
29 2001446077   2001446077   516书库/ [索取号:F326/196] 在馆    
30 2001446078   2001446078   516书库/ [索取号:F326/196] 在馆    
山东省滨州职业学院图书馆 欢迎您!
大连网信软件有限公司© 版权所有